| 000 | 01092cad a22002415a 4500 | ||
|---|---|---|---|
| 001 | E147288 | ||
| 008 | 090427s2009 xxkad f s 000 0 eng d | ||
| 035 | _a(Sirsi) u147288 | ||
| 041 | 0 | _aeng | |
| 050 | 0 | 4 | _a333.33 $2 18 |
| 110 | 2 |
_aColliers International Property Consultants _91881 |
|
| 245 | 0 | 0 |
_aNorth America office real estate highlights _bfirst quarter 2009 _h[electronic resource] |
| 260 |
_a[S.l.] _bColliers _c[2009] |
||
| 490 | 0 |
_aNorth America Office Real Estate Highlights _vFirst Quarter 2009 |
|
| 520 | _aReports that vacancy rates are continuing to decline, and that rents are falling as landlords try to attract tenants. Suggests that although the economy may bottom in the third quarter 2009, the office market may not recover until 2010 or 2011. | ||
| 521 | _aAdvanced | ||
| 590 | _aKA | ||
| 650 | 2 | 4 | _aCOLLIERS GLOBAL OFFICE REAL ESTATE HIGHLIGHTS |
| 651 | 4 |
_aUnited States _y1959- |
|
| 690 | _aPROPERTY-COMMERCIAL PROPERTY-COMMERCIAL PROPERTY MARKET | ||
| 856 | 4 | 0 |
_uhttps://www.colliers.com/ _zView the report free of charge at www.colliers.com... |
| 942 | _n0 | ||
| 999 |
_c109508 _d109508 |
||